3Cores in Business Core No. 1

Gespeichert in:
Bibliographische Detailangaben
1. Verfasser: Gudgeirsson, Baldur
Format: Buch
Sprache:Englisch
Veröffentlicht: [Edmonton] Iceberg Publishing House 2023
Ausgabe:2nd Edition
Schlagworte:
Tags: Tag hinzufügen
Keine Tags, Fügen Sie das erste Tag hinzu!

MARC

LEADER 00000nam a2200000 4500
001 0304838
005 20250102144758.0
020 |a 9798385702251 
041 0 |a eng 
044 |a CA 
245 1 0 |a 3Cores in Business  |b Core No. 1  |c Baldur Gudgeirsson 
250 |a 2nd Edition 
264 1 |a [Edmonton]  |b Iceberg Publishing House  |c 2023 
300 |a 384 s. 
610 2 0 |a podnikanie 
610 2 0 |a inovácie technologické 
610 2 0 |a stratégia podnikateľská 
610 2 0 |a stratégia podniková 
610 2 0 |a marketing 
100 1 |a Gudgeirsson, Baldur